Numbers in Swedish - Statistics

General Stats
  • This quiz has been taken 24 times
  • The average score is 10 of 11
Answer Stats
Hint Answer % Correct
Tre 3
100%
Sex 6
100%
Noll 0
95%
Två 2
95%
Fyra 4
89%
Åtta 8
89%
Nio 9
89%
En/Ett 1
84%
Fem 5
84%
Sju 7
79%
Tio 10
74%
No matching quizzes found
Score Distribution
Percent of People with Each Score
Percentile by Number Answered
Your Score History
You have not taken this quiz